Baden-Württemberg Wappen der Landkreise - Statistiken

Allgemein
  • Dieses Quiz wurde 25 mal gespielt
  • Das Durchschnittsergebnis liegt bei 14 aus 44
Antwortstatistiken
Bildquiz Antwort % Korrekt
Stuttgart
73%
Baden-Baden
67%
Freiburg im Breisgau
60%
Karlsruhe (Stadtkreis)
60%
Ulm
60%
Heilbronn (Stadtkreis)
47%
Landkreis Emmendingen
40%
Landkreis Freudenstadt
40%
Landkreis Konstanz
40%
Landkreis Ravensburg
40%
Mannheim
40%
Pforzheim
40%
Bodenseekreis
33%
Heidelberg
33%
Landkreis Heilbronn
33%
Landkreis Lörrach
33%
Rems-Murr-Kreis
33%
Hohenlohekreis
27%
Landkreis Biberach
27%
Landkreis Breisgau-Hochschwarzwald
27%
Landkreis Calw
27%
Landkreis Esslingen
27%
Landkreis Heidenheim
27%
Landkreis Karlsruhe
27%
Landkreis Rastatt
27%
Landkreis Reutlingen
27%
Landkreis Rottweil
27%
Landkreis Schwäbisch Hall
27%
Landkreis Sigmaringen
27%
Landkreis Tübingen
27%
Landkreis Tuttlingen
27%
Landkreis Waldshut
27%
Neckar-Odenwald-Kreis
27%
Schwarzwald-Baar-Kreis
27%
Zollernalbkreis
27%
Alb-Donau-Kreis
20%
Enzkreis
20%
Landkreis Böblingen
20%
Landkreis Göppingen
20%
Landkreis Ludwigsburg
20%
Ortenaukreis
20%
Ostalbkreis
20%
Rhein-Neckar-Kreis
20%
Main-Tauber-Kreis
13%
Keine übereinstimmenden Quizze gefunden
Verteilung der Resultate
Anzahl Personen mit jedem Resultat
Perzentil nach korrekt beantworteten Fragen
Ihre Resultats-Entwicklung
Sie haben dieses Quiz noch nicht gespielt